| 000 | 00895nam a2200289 a 4500 | ||
|---|---|---|---|
| 001 | 000000318 | ||
| 003 | DO-SdBNP | ||
| 005 | 20180402140610.0 | ||
| 007 | 000000318 | ||
| 008 | 081028s2008 dr a 001 0 spa d | ||
| 020 | _a9789945406719 | ||
| 040 |
_aBPMET _bspa _cBPMET |
||
| 092 |
_a843.92 _bV531i |
||
| 100 | 1 |
_aVerne, Julio _d1828-1905 |
|
| 245 | 1 | 3 |
_aLa isla misteriosa / _cJulio Verne ; versión María Isabel Plaz-Power ; ilustraciones Gorka Echevarrieta. |
| 260 |
_aSanto Domingo : _bTobogán- Panapo, _c2008. |
||
| 300 |
_a110 p. : _bil. ; _c23 cm. |
||
| 490 | 1 | _aClásicos universales | |
| 650 | 4 | _aLITERATURA FRANCESA | |
| 650 | 4 | _aNOVELA FRANCESA | |
| 700 | 1 | _aPlaz Power, María Isabel | |
| 700 | 1 |
_aEchevarrieta, Gorka, _eil. |
|
| 830 | 0 | _aClásicos universales | |
| 942 |
_2ddc _cBK |
||
| 945 | _aInventariado / 2018 VM | ||
| 956 |
_aVMATEO _b10 _c20110921 _lBPMSU _h0069 |
||
| 999 |
_c7387 _d7387 |
||